header

English and ethnicity (Record no. 138624)

MARC details
000 -LEADER
fixed length control field 01316nam a2200349Ia 4500
082 04 - DEWEY DECIMAL CLASSIFICATION NUMBER
Classification number 305.8
245 00 - TITLE STATEMENT
Title English and ethnicity
260 ## - PUBLICATION, DISTRIBUTION, ETC. (IMPRINT)
Place of publication New York, N.Y. ;
-- Basingstoke :
Name of publisher Palgrave Macmillan,
Year of publication 2006.
300 ## - PHYSICAL DESCRIPTION
Number of Pages xi, 308 p.
490 1# - SERIES STATEMENT
Series statement Signs of race
650 #0 - SUBJECT ADDED ENTRY--TOPICAL TERM
Topical Term Ethnicity
Topical Term English language.
700 1# - ADDED ENTRY--PERSONAL NAME
Personal name Brutt-Griffler, Janina,
Personal name Davies, Catherine Evans.
856 40 - ELECTRONIC LOCATION AND ACCESS
Uniform Resource Identifier http://site.ebrary.com/lib/rucke/Doc?id=10172642

No items available.

© 2026 Rongo University
Contact us: librarian | system librarian | Rongo university